Library Banner

The spirit of Islam/ (Record no. 97317)

MARC details
000 -LEADER
fixed length control field 00369nam a22001457a 4500
005 - DATE AND TIME OF LATEST TRANSACTION
control field 20180313120113.0
008 - FIXED-LENGTH DATA ELEMENTS--GENERAL INFORMATION
fixed length control field 170817b xxu||||| |||| 00| 0 eng d
040 ## - CATALOGING SOURCE
Transcribing agency PK-LaUMT
082 ## - DEWEY DECIMAL CLASSIFICATION NUMBER
Classification number ZIAC 297
Item number AME-S
100 ## - MAIN ENTRY--PERSONAL NAME
Personal name Ameer Ali Syed
245 ## - TITLE STATEMENT
Title The spirit of Islam/
Statement of responsibility, etc Ameer Ali Syed
260 ## - PUBLICATION, DISTRIBUTION, ETC. (IMPRINT)
Place of publication, distribution, etc Lahore:
Name of publisher, distributor, etc Progressive books,
Date of publication, distribution, etc [ ]
300 ## - PHYSICAL DESCRIPTION
Extent 412 p.
942 ## - ADDED ENTRY ELEMENTS (KOHA)
Koha item type Books
Holdings
Withdrawn status Lost status Damaged status Home library Current library Date acquired Full call number Barcode Date last seen Price effective from Koha item type
      UMT Main Campus UMT Main Campus 2017-08-17 ZIAC 297 AME-S 113018 2017-08-17 2017-08-17 Books